000 00680nam a2200229 a 4500
008
020 _a0340762896 (hbk.)
049 _aMAIN
090 _aRC735.35
_bRES
245 1 0 _aRespiratory critical care/
_cedited by Graig Davison and David Treacher.
260 _aLondon :
_bArnold,
_c2002
300 _aix, 307 p. :
_bill. ;
_c25 cm.
504 _aIncludes bibliographical references.
500 _aIncludes index.
650 1 _aRespiratory critical care
700 _aTreacher, David.
907 _a.b10287188
_b10-01-11
_c15-11-10
003
005 20230120204033.0
040 _cNUST
942 _cBOOKS
_kRC735.35
_mRES
999 _c116001
_d116001